| 000 | 00605pam a2200229 a 4500 | ||
|---|---|---|---|
| 999 |
_c5859 _d5859 |
||
| 001 | 39223663 | ||
| 003 | OCoLC | ||
| 005 | 20190110130045.0 | ||
| 008 | 980527s1998 pau 000 0 eng | ||
| 010 | _a98025913 | ||
| 020 | _a081701294X (pbk. : alk. paper) | ||
| 040 |
_aDLC _cDLC _dATH |
||
| 050 | 0 | 0 |
_aBV10.2 _b.B64 1998 |
| 082 |
_a264 _bB716W |
||
| 100 | 1 | _aBonn, Linda. | |
| 245 | 1 | 4 |
_aThe work of the worship committee / _cLinda Bonn. |
| 260 |
_aValley Forge : _bJudson Press, _cc1998. |
||
| 300 |
_axv, 70 p. ; _c18 cm. |
||
| 650 | 0 | _aWorship. | |
| 650 | 0 | _aChurch committees. | |
| 942 |
_2ddc _cBK |
||